Law relating to computers internet and e-commerce : (Record no. 83775)

MARC details
000 -LEADER
fixed length control field 01012nam a22002297a 4500
005 - DATE AND TIME OF LATEST TRANSACTION
control field 20170417162129.0
010 ## - LCCN (DPL NO)
LC control number ENG-109797
020 ## - INTERNATIONAL STANDARD BOOK NUMBER
International Standard Book Number 9789350351819
Terms of availability 650.00
035 ## - SYSTEM CONTROL NUMBER
System control number EN-93330
035 ## - SYSTEM CONTROL NUMBER
System control number B-667543
037 ## - SOURCE OF ACQUISITION
Source of stock number/acquisition DBAD/PUB
082 ## - DEWEY DECIMAL CLASSIFICATION NUMBER
Classification number 343.5409944
100 ## - MAIN ENTRY--PERSONAL NAME
Personal name Kamath, Nandan
245 00 - TITLE STATEMENT
Title Law relating to computers internet and e-commerce :
Statement of responsibility, etc by Nandan Kamath; foreworded by N. R. Madhava Menon
Remainder of title a guide to cyberlaws and the information technology act, rules, regulations and notifications along with latest case laws /
250 ## - EDITION STATEMENT
Edition statement 5th ed
260 ## - PUBLICATION, DISTRIBUTION, ETC. (IMPRINT)
Place of publication, distribution, etc New Delhi
Name of publisher, distributor, etc Universal Law Publishing
Date of publication, distribution, etc 2012 reprint 2017
270 ## - ADDRESS
Address C-FF-1A, Dilkhush Industrial Estate, (Near Azadpur Metro Station) G.T. Karnal Road
City New Delhi
Postal code 110033
300 ## - PHYSICAL DESCRIPTION
Extent iv,847p.
Dimensions 24cm(pbk)
500 ## - GENERAL NOTE
General note Includes index
942 ## - ADDED ENTRY ELEMENTS (KOHA)
Source of classification or shelving scheme Dewey Decimal Classification
Item type English Books
Call number suffix KAM
Classification part 343.5409944
Holdings
Withdrawn status Lost status Not for loan Collection code Home library Current library Date acquired Source of acquisition Cost, normal purchase price Full call number Barcode Copy number Cost, replacement price Koha item type
      Non-fiction Ashok Vihar Ashok Vihar 17/04/2017 BPPD/EN/2013-14/AV/16-17/365/15.02.2017KBD/BL16/24.02.2017/17.03.2017 650.00 343.5409944 KAM B-667543 1 650.00 English Books
    Not For Loan Non-fiction D.B.Act.Division D.B.Act.Division 25/04/2014 DBAD/PUB 650.00 343.5409944 KAM EN-93330 1 650.00 English Books

© Delhi Public Library
Hit Counter
free hit counter